000 00494cam a2200145 4500500
005 20251228095241.0
041 _afre
042 _adc
100 1 0 _aReynaud-Paligot, Carole
_eauthor
245 0 0 _aAndré Siegfried et la question raciale
260 _c2005.
500 _a1
786 0 _nSociétés & Représentations | 20 | 2 | 2005-09-01 | p. 268-285 | 1262-2966
856 4 1 _uhttps://shs.cairn.info/revue-societes-et-representations-2005-2-page-268?lang=fr&redirect-ssocas=7080
999 _c1605941
_d1605941